[Event "Saint Affrique op 15th"]
[Site "Saint Affrique"]
[Date "2007.??.??"]
[Round "2"]
[White "Renard, Gilbert"]
[Black "Foltz, Olivier"]
[Result "0-1"]
[WhiteElo "1851"]
[BlackElo "1620"]
[PlyCount "68"]
[EventDate "2007.07.21"]
[EventType "swiss"]
[EventRounds "9"]
[EventCountry "FRA"]
[SourceTitle "CBM 119 Extra"]
[Source "ChessBase"]
[SourceDate "2007.09.04"]
[SourceVersion "1"]
[SourceVersionDate "2007.09.04"]
[SourceQuality "1"]

1. e4 e5 2. Nf3 Nc6 3. Bb5 a6 4. Ba4 Nf6 5. Bxc6 bxc6 6. d3 d6 7. Nbd2 Be7 8. Nc4 0-0 9. Bg5 Rb8 10. b3 Re8 11. Ne3 d5 12. Nxe5 Bb4+ 13. Kf1 Rxe5 14. f4 Rxg5 15. fxg5 Ne8 16. h4 Bc3 17. Rb1 Qd6 18. Qf3 Be6 19. g4 Qa3 20. Kg2 Nd6 21. exd5 Bxd5 22. Nxd5 cxd5 23. h5 Qxa2 24. Qf2 Re8 25. g6 fxg6 26. hxg6 h6 27. Rhf1 Qa5 28. Qf3 d4 29. Qc6 Qg5 30. Kh3 Qxg6 31. Rf3 Qg5 32. Rbf1 Be1 33. Rf5 Qh4+ 34. Kg2 Re2+ 0-1